El psicoanalista / (Registro nro. 30845)

Detalles MARC
000 -LEADER
fixed length control field 00726nam a22002297a 4500
003 - CONTROL NUMBER IDENTIFIER
control field OSt
005 - DATE AND TIME OF LATEST TRANSACTION
control field 20250408165215.0
008 - FIXED-LENGTH DATA ELEMENTS--GENERAL INFORMATION
fixed length control field 241008b |||||||| |||| 00| 0 eng d
020 ## - INTERNATIONAL STANDARD BOOK NUMBER
International Standard Book Number 9788498721805
037 ## - SOURCE OF ACQUISITION
Source of stock number/acquisition Donación
040 ## - CATALOGING SOURCE
Original cataloging agency CO-JMCR
Language of cataloging spa
Transcribing agency CO-JMCR
Modifying agency CO-JMCR
Description conventions rda
041 1# - LANGUAGE CODE
Language code of text/sound track or separate title spa
Language code of original eng
082 04 - DEWEY DECIMAL CLASSIFICATION NUMBER
Classification number A-N
Item number KATp
Edition number 23
100 1# - MAIN ENTRY--PERSONAL NAME
Personal name Katzenbach, John,
Dates associated with a name 1950-
Relator term autor
9 (RLIN) 43874
245 13 - TITLE STATEMENT
Title El psicoanalista /
Statement of responsibility, etc. John Katzenbach ; traducción de Laura Paredes.
260 ## - PUBLICATION, DISTRIBUTION, ETC.
Place of publication, distribution, etc. Barcelona :
Name of publisher, distributor, etc. Ediciones B,
Date of publication, distribution, etc. 2009.
300 ## - PHYSICAL DESCRIPTION
Extent 523 páginas ;
Dimensions 20 cm.
500 ## - GENERAL NOTE
General note 18.ª reimpresión: julio de 2016
534 ## - ORIGINAL VERSION NOTE
Introductory phrase Título original. :
Title statement of original The analyst.
700 1# - ADDED ENTRY--PERSONAL NAME
Personal name Paredes, Laura,
Relator term traductora
9 (RLIN) 7380
942 ## - ADDED ENTRY ELEMENTS (KOHA)
Source of classification or shelving scheme Dewey Decimal Classification
Koha item type Books
Existencias
Withdrawn status Lost status Source of classification or shelving scheme Damaged status Not for loan Collection code Home library Current library Shelving location Date acquired Source of acquisition Total Checkouts Total Renewals Full call number Barcode Date due Date last seen Date last checked out Copy number Price effective from Koha item type
    Dewey Decimal Classification     Fiction Biblioteca Pública José María del Castillo y Rada Biblioteca Pública José María del Castillo y Rada Book Cart 10/07/2024 Donación 7 8 A-N KATp 201812463 04/22/2026 03/31/2026 03/31/2026 Ej. 1 10/08/2024 Books
    Dewey Decimal Classification       Biblioteca Pública José María del Castillo y Rada Biblioteca Pública José María del Castillo y Rada   03/09/2026       A-N KATp     03/09/2026     03/09/2026 Books